000 01078nam a22003257a 4500
003 CHAP
005 20220329143722.0
008 110406s1987 us a r 00010 eng d
010 _a100873
011 _a101845
020 _a0826309313
035 _a112533
040 _cCHAP
082 0 4 _a615.882097281
_bOr34
100 1 _aOrellana, Sandra L.
_983506
245 1 0 _aIndian medicine in Higbland Guatemala :
_bthe pre - hispanic and colonial periods
_c/por Sandra L. Orellana
260 _aNew Mexico :
_bUniversity of New Mexico
_c1987
300 _a308 p. :
_bilus.
590 _aBATCH-UPD
_b10
_c20130110
_lUCH01
_h1137
590 _aBATCH-UPD
_b10
_c20130410
_lUCH01
_h0724
590 _aBATCH-UPD
_b10
_c20130914
_lUCH01
_h0744
590 _aCONVERSION
_b10
_c20130109
_lUCH01
_h1356
650 1 4 _aBotánica médica.
_914680
650 1 4 _aIndios de Guatemala.
_957609
650 1 4 _aMedicina Maya.
_973919
650 1 4 _aMedicina tradicional.
_973921
901 _aBK
942 _cLIBRO
949 _a615.882097281 Or34
_bBC
_cLIBRO
_d33724002237009
_eLIBRO
_h114642
_i112533
_si
999 _c100873
_d100873